Toxicogenomic approach to assess risk factors involved in prostate cancer and benign prostate hyperplasia (Record no. 872606)

MARC details
000 -LEADER
fixed length control field 01001nam a2200277Ia 4500
003 - CONTROL NUMBER IDENTIFIER
control field OSt
005 - DATE AND TIME OF LATEST TRANSACTION
control field 20220930082147.0
008 - FIXED-LENGTH DATA ELEMENTS--GENERAL INFORMATION
fixed length control field 220926b |||||||| |||| 00| 0 eng d
037 ## - SOURCE OF ACQUISITION
Terms of availability Theses
040 ## - CATALOGING SOURCE
Original cataloging agency CRL
Transcribing agency CRL
Language of cataloging eng
041 ## - LANGUAGE CODE
Source of code eng
Language code of text/sound track or separate title eng
100 ## - MAIN ENTRY--PERSONAL NAME
Personal name Vivek Kumar
9 (RLIN) 26014
110 ## - MAIN ENTRY--CORPORATE NAME
Corporate name or jurisdiction name as entry element University of Delhi. Faculty of Medical Sciences. Department of Biochemistry
9 (RLIN) 520387
245 #0 - TITLE STATEMENT
Title Toxicogenomic approach to assess risk factors involved in prostate cancer and benign prostate hyperplasia
260 ## - PUBLICATION, DISTRIBUTION, ETC.
Date of publication, distribution, etc. 2011
650 ## - SUBJECT ADDED ENTRY--TOPICAL TERM
Topical term or geographic name entry element BIOCHEMISTRY
700 ## - ADDED ENTRY--PERSONAL NAME
Personal name Dr. Rafat S. Ahmad Gu.
9 (RLIN) 543002
700 ## - ADDED ENTRY--PERSONAL NAME
Personal name Prof. B. D. Banerjee Gu.
9 (RLIN) 538897
700 ## - ADDED ENTRY--PERSONAL NAME
Personal name Prof. Sanjay Gupta Gu.
9 (RLIN) 543003
700 ## - ADDED ENTRY--PERSONAL NAME
Personal name University of Delhi. Faculty of Medical Sciences. Department of Biochemistry
9 (RLIN) 520389
942 ## - ADDED ENTRY ELEMENTS (KOHA)
Koha item type Dissertations
Source of classification or shelving scheme Colon Classification (CC)
Holdings
Withdrawn status Lost status Damaged status Not for loan Home library Current library Date acquired Total Checkouts Barcode Date last seen Price effective from Koha item type
        Central Library Central Library 2022-09-30   TH0018078 2022-09-30 2022-09-30 Thesis
Copyright @ Delhi University Library System